| 000 | 00976cam a2200277 a 4500 | ||
|---|---|---|---|
| 999 |
_c2956 _d2956 |
||
| 001 | 3858351 | ||
| 003 | GBCCL | ||
| 005 | 20241126110444.0 | ||
| 008 | 880301s1988 ilu s 000 0 eng | ||
| 010 | _a 88070600 | ||
| 020 | _a0842379398 (pbk.) | ||
| 040 |
_aDLC _cDLC _dDLC |
||
| 043 | _an-us--- | ||
| 050 | 0 | 0 |
_aHV5824.Y68 _bL88 1988 |
| 082 | 0 | 0 |
_a362.2911 _a362.29110835 _220 _bLUT |
| 100 | 1 |
_aLutes, Chris. _96166 |
|
| 245 | 1 | 0 |
_aWhat teenagers are saying about drugs & alcohol / _cChris Lutes. |
| 260 |
_aWheaton, Ill. : _bCampusLife Books : _bTyndale House Publishers, _c[1988], c1987. |
||
| 300 |
_a215 p. ; _c21 cm. |
||
| 650 | 0 |
_aTeenagers _xDrug use _zUnited States. _96167 |
|
| 650 | 0 |
_aTeenagers _xAlcohol use _zUnited States. _96168 |
|
| 650 | 0 |
_aTeenagers _zUnited States _xAttitudes. _96169 |
|
| 906 |
_a7 _bcbc _corignew _d2 _eopcn _f19 _gy-gencatlg |
||
| 942 |
_2ddc _cBK _07 |
||